Cezhraničná spolupráca štatistických úradov Slovenska a Poľska v horizonte rokov 1993 – 2013

V roku 1993 sa začala spolupráca medzi Štatistickými úradmi Krosno (Poľsko) a Oblastnou správou Slovenského štatistického úradu Košice. Za ostatných 20 rokov oba úrady prešli rozsiahlymi organizačnými a inými zmenami. Spolupráca však trvá naďalej. Formy spolupráce a jej výstupy. Návrh smerovania spo...

Descrizione completa

Salvato in:
Dettagli Bibliografici
Autore principale: Cuper, Ján
Altri autori: Kozoň, Ján, Cierpial-Wolan, Marek, Jędrusiak, Jan
Natura: Capitolo di libro
Lingua:slovacco
Soggetti:
Tags: Aggiungi Tag
Nessun Tag, puoi essere il primo ad aggiungerne!!

MARC

LEADER 00000naa a2200000 4500
001 0192721
005 20220715093602.7
041 0 |a slo 
044 |a SK 
245 1 0 |a Cezhraničná spolupráca štatistických úradov Slovenska a Poľska v horizonte rokov 1993 – 2013  |c Ján Cuper, Ján Kozoň, Marek Cierpial-Wolan, Jan Jędrusiak 
520 |a V roku 1993 sa začala spolupráca medzi Štatistickými úradmi Krosno (Poľsko) a Oblastnou správou Slovenského štatistického úradu Košice. Za ostatných 20 rokov oba úrady prešli rozsiahlymi organizačnými a inými zmenami. Spolupráca však trvá naďalej. Formy spolupráce a jej výstupy. Návrh smerovania spolupráce do budúcna. 
610 2 0 |a spolupráca cezhraničná 
610 2 0 |a Slovensko 
610 2 0 |a Poľsko 
610 2 0 |a úrady štatistické 
100 1 |a Cuper, Ján 
700 1 |a Kozoň, Ján 
700 1 |a Cierpial-Wolan, Marek 
700 1 |a Jędrusiak, Jan